Which Country of the Benelux... - Statistics

General Stats
  • This quiz has been taken 20 times
  • The average score is 10 of 15
Answer Stats
Question Answer % Correct
... did not host an UEFA European Championship? Luxembourg
100%
... has black in its flag? Belgium
94%
... is landlocked? Luxembourg
94%
... has not colonised any part of the world? Luxembourg
94%
... has the "capital of Europe" as its capital? Belgium
89%
... has the largest area? Netherlands
89%
... has the biggest population? Netherlands
89%
... has three official languages? Belgium
72%
... has the highest ranked university? Netherlands
67%
... has the highest elevation? Belgium
61%
... has the highest ranking in the Men's FIFA Ranking? Belgium
56%
... was the last to introduce gay marriage? Luxembourg
56%
... doesn't has a meeting place for the European Commission? Netherlands
50%
... has the oldest king? Luxembourg
22%
... has the lowest crime rate? Netherlands
11%
No matching quizzes found
Score Distribution
Percent of People with Each Score
Percentile by Number Answered
Your Score History
You have not taken this quiz